|
|
|
|
| LEADER |
01118nam a2200277 a 4500 |
| 001 |
425025 |
| 008 |
090601r1981 njua 001 0 eng d |
| 010 |
|
|
|a 81002038
|
| 020 |
|
|
|a 0135313198
|
| 020 |
|
|
|a 0135313015 (pbk.)
|
| 040 |
|
|
|a DLC
|c DLC
|d DLC
|
| 082 |
0 |
0 |
|a 658.1/511
|2 19
|
| 100 |
1 |
|
|a Gibbs, John W. B.
|
| 240 |
1 |
0 |
|a Practical approach to management accounting
|
| 245 |
1 |
0 |
|a Let accounting help you manage :
|b a managerial accounting primer /
|c John Gibbs, Robert W. McGee.
|
| 260 |
|
|
|a Englewood Cliffs, N.J. :
|b Prentice-Hall,
|c c1981.
|
| 300 |
|
|
|a xi, 257 p. :
|b ill. ;
|c 24 cm.
|
| 500 |
|
|
|a Previously published as: A practical approach to management accounting.
|
| 500 |
|
|
|a "A Spectrum book."
|
| 504 |
|
|
|a Includes index.
|
| 541 |
1 |
|
|e 00000157
|
| 650 |
|
0 |
|a Managerial accounting.
|
| 700 |
1 |
|
|a McGee, Robert W.
|
| 852 |
4 |
|
|a Ayesha Abed Library
|j General Shelf.
|
| 999 |
|
|
|c 1357
|d 1357
|
| 952 |
|
|
|0 0
|1 0
|2 ddc
|4 0
|6 658_151100000000000_GIB
|7 0
|9 1239
|a BRACUL
|b BRACUL
|c GEN
|d 2009-06-25
|g 0.00
|l 1
|m 11
|o 658.1511 GIB
|p 3010000157
|r 2019-11-26
|s 2019-09-08
|t 1
|w 2009-06-25
|y BK
|x No price found in the accession register.
|